000 00749nam a2200241Ia 4500
003 GCL
008 140319s9999 xx 000 0 ara d
040 _aGCL /
_cGCL
082 0 4 _aق
_b291.23
_bب ت
100 1 _aبرستيد، جيمس هنرى
245 1 0 _aتطور الفكر والدين فى مصر القديمة /
_cبرستيد، جيمس هنرى
260 _a[S.N] :
_bدار الكرنك للنشر والطبع والتوزيع ،
_c1961
300 _a547 ص
490 _a
650 0 4 _aالحياة الاخرى
650 0 4 _aالموت
650 0 4 _aمصر القديمة
650 0 4 _aالحضارة الفرعونية
650 0 4 _aالدين
650 0 4 _aالبعث
650 0 4 _aالخلود
942 _2ddc
_cBK
999 _c36466
_d36466